000 00490nam a2200157Ia 4500
008 160316s2000 xxu||||| |||| 00| 0 eng d
082 _a346.066000
_bTAY
100 _aTayal Rajesh
245 _aSystematic approach to company law practice, with text of companies act, 1956
250 _a
260 _aNew Delhi
_bBharat Law House Pvt, Ltd.
_c2000
300 _a1.503
_b
_c
365 _bRs.250
650 _a1. Company Law 2. Corporate Law 3. Companies Act - Commentary
700 _a
_a
999 _c16448
_d16448